Child in the midst : A parent education book (Record no. 1321892)

MARC details
000 -LEADER
fixed length control field 00563nam a2200193Ia 4500
005 - DATE AND TIME OF LATEST TRANSACTION
control field 20260415160336.0
008 - FIXED-LENGTH DATA ELEMENTS--GENERAL INFORMATION
fixed length control field 008 250505s9999 xx 000 0 eng d
037 ## - SOURCE OF ACQUISITION
Stock number Textual
040 ## - CATALOGING SOURCE
Original cataloging agency FEDL
Language of cataloging eng
Transcribing agency FEDL
041 ## - LANGUAGE CODE
Language code of text/sound track or separate title eng
Source of code eng
084 ## - COLON CLASSIFICATION NUMBER
Classification number 155.4 BRY
Assigning agency FEDL
100 ## - MAIN ENTRY--PERSONAL NAME
Personal name Bryce Winifred L.
9 (RLIN) 755772
245 #0 - TITLE STATEMENT
Title Child in the midst : A parent education book
260 ## - PUBLICATION, DISTRIBUTION, ETC.
Place of publication, distribution, etc. Calcutta, India
Name of publisher, distributor, etc. YMCA Publishing House
300 ## - PHYSICAL DESCRIPTION
Extent 136p.
650 ## - SUBJECT ADDED ENTRY--TOPICAL TERM
Topical term or geographic name entry element Child Psychology
942 ## - ADDED ENTRY ELEMENTS (KOHA)
Koha item type Textual
Classification part 155.4 BRY
Holdings
Withdrawn status Lost status Damaged status Not for loan Home library Current library Date acquired Total Checkouts Full call number Barcode Date last seen Price effective from Koha item type
        Department of Education Library Department of Education Library 2025-05-08   155.4 BRY EL0000586 2025-05-08 2025-05-08 Textual
Copyright @ Delhi University Library System